Religious drama 1 : (Record no. 17791)
[ view plain ]
| 000 -LEADER | |
|---|---|
| fixed length control field | 00920cam a2200277Ii 4500 |
| 001 - CONTROL NUMBER | |
| control field | 17791 |
| 003 - CONTROL NUMBER IDENTIFIER | |
| rucl marc code | BD-RjUL |
| 005 - DATE AND TIME OF LATEST TRANSACTION | |
| control field | 20211209000208.0 |
| 008 - FIXED-LENGTH DATA ELEMENTS--GENERAL INFORMATION | |
| fixed length control field | 140219t1957 ohu 000 1 eng d |
| 035 ## - SYSTEM CONTROL NUMBER | |
| System control number | (OCoLC)ocm05114180 |
| System control number | (BD-RjUL)17849 |
| System control number | (NNC)4587419 |
| System control number | 4587419 |
| 040 ## - CATALOGING SOURCE | |
| Original cataloging agency | VVR |
| Transcribing agency | VVR |
| Modifying agency | OCL |
| -- | WY@ |
| -- | OCL |
| -- | BD-RjUL |
| Language of cataloging | eng |
| 041 ## - LANGUAGE CODE | |
| Language code of text/sound track or separate title | eng |
| 082 04 - DEWEY DECIMAL CLASSIFICATION NUMBER | |
| Classification number | 822 |
| Author mark and year | REL 1957 |
| 098 ## - OTHER CLASSIFICATION SCHEMES (OCLC) | |
| Call number based on other classification scheme | BZ4.1 |
| 245 10 - TITLE STATEMENT | |
| Title | Religious drama 1 : |
| Remainder of title | five plays / |
| Statement of responsibility, etc. | selected and introduced by Marvin Halverson. |
| 260 ## - PUBLICATION, DISTRIBUTION, ETC. (IMPRINT) | |
| Place of publication, distribution, etc. | New york : |
| Name of publisher, distributor, etc. | Meridian Books, |
| Date of publication, distribution, etc. | c1957. |
| 300 ## - PHYSICAL DESCRIPTION | |
| Pagination | 410 p. ; |
| Size | 21 cm. |
| 500 ## - GENERAL NOTE | |
| General note | "A Living age book." |
| 505 0# - FORMATTED CONTENTS NOTE | |
| Formatted contents note | Auden, W. H. For the time being.--Fry, C. The firstborn.--Lawrence, D. H. David.--Sayers, D. The zeal of Thy house.--Schevill, J. The bloody tenet. |
| 650 #0 - SUBJECT ADDED ENTRY--TOPICAL TERM | |
| Topical term or geographic name as entry element | Religious drama. |
| 9 (RLIN) | 54888 |
| 700 12 - ADDED ENTRY--PERSONAL NAME | |
| Personal name | Halverson, Marvin, |
| Dates associated with a name | 1923- |
| 942 ## - ADDED ENTRY ELEMENTS (KOHA) | |
| Source of classification or shelving scheme | Dewey Decimal Classification |
| Koha item type | Books |
| Lost status | Source of classification or shelving scheme | Damaged status | Not for loan | Collection code | Permanent Location | Current Location | Shelving location | Date acquired | Source of acquisition | Total Checkouts | Full call number | Date last seen | Copy number | Koha item type |
|---|---|---|---|---|---|---|---|---|---|---|---|---|---|---|
| Dewey Decimal Classification | Not For Loan | Fiction | Central Library, University of Rajshahi | Central Library, University of Rajshahi | Reading Room | 19/03/1959 | World book Hood, N.Y | 822 REL 1957 | 19/02/2014 | C-1 | Books | |||
| Dewey Decimal Classification | Fiction | Central Library, University of Rajshahi | Central Library, University of Rajshahi | General Stacks | 19/03/1959 | World book Hood, N.Y | 822 REL 1957 | 25/04/2022 | C-2 | Books |